Alfaro : escultures en el Born : antic mercat del Born, 1 de juny - 10 de juliol 1983 / fotografies: F. Català-Roca escultures en el Born :

per Alfaro, Andreu

Descripció física: [48] p. : il., col. ; 29 cm

MARC

LEADER 00000nam a2200000Ia 4500
001 1321
008 160829s9999 xx 000 0 cat d
080 |a FU-17-11 
100 |a Alfaro, Andreu  |9 26720 
245 |a Alfaro :  |b  escultures en el Born :  |b  antic mercat del Born, 1 de juny - 10 de juliol 1983 / fotografies:  |b  F. Català-Roca 
260 |a Barcelona :  |b Departament de Cultura de la Generalitat de Catalunya, dl 1983 
300 |a [48] p. :  |b  il., col. ;  |c 29 cm 
590 |a Exposició organitzada pel Departament de Cultura de la Generalitat de Catalunya conjuntament amb l'Ajuntament de Barcelona. 
650 |a Alfaro, Andreu  |x Exposicions  |9 26721 
700 1 |a Català-Roca, Francesc,  |d 1922-1998  |9 26722  |e fotografies 
710 2 |a Catalunya.  |b Departament de Cultura  |9 52819 
710 1 |a Barcelona (Catalunya).  |b Ajuntament  |9 50981 
901 |a Arxiu 
942 |n 1  |2 udc 
952 |0 0  |1 0  |4 0  |6 FU1711  |7 1  |9 44113  |a Arxiu  |b Arxiu  |d 2016-12-01  |l 0  |o FU-17-11  |p 1321  |r 2016-12-01 00:00:00  |w 2016-12-01  |y ARXIU 
999 |c 46693  |d 46693